000 00367pam a2200157a 44500
008 230515b1976 xxu||||| |||| 00| 0 eng d
020 _aNULL
041 _aENGLISH
082 _a630
100 _aKUMAR K L
245 _aENGINEERING TABLES & CHARTS
250 _a4
260 _aDELHI
_bINDIAS LOADING SOFTWARE PUBLISHER
_c1976
300 _a136
650 _aNULL
999 _c651433
_d651433